Hard times catalog for youth ministry / (Record no. 3270)

MARC details
000 -LEADER
fixed length control field 00797nam a2200253 a 4500
001 - CONTROL NUMBER
control field 4698974
003 - CONTROL NUMBER IDENTIFIER
control field GBCCL
005 - DATE AND TIME OF LATEST TRANSACTION
control field 20241126110451.0
008 - FIXED-LENGTH DATA ELEMENTS--GENERAL INFORMATION
fixed length control field 830225s1982 coua 001 0 eng
010 ## -
-- 82081332
020 ## - INTERNATIONAL STANDARD BOOK NUMBER
International Standard Book Number 0936664061 (pbk.) :
Terms of availability $14.95
040 ## - CATALOGING SOURCE
Original cataloging agency DLC
Transcribing agency DLC
Modifying agency DLC
050 00 -
-- BV4447
-- .H295 1982
082 00 - DEWEY DECIMAL CLASSIFICATION NUMBER
Classification number 268.433
Edition information 19
Item number HAR
245 00 - TITLE STATEMENT
Title Hard times catalog for youth ministry /
Statement of responsibility, etc. compiled by Marilyn & Dennis Benson.
260 ## - PUBLICATION, DISTRIBUTION, ETC.
Place of publication, distribution, etc. Loveland, CO :
Name of publisher, distributor, etc. Group Books,
Date of publication, distribution, etc. c1982.
300 ## - PHYSICAL DESCRIPTION
Extent 288 p. :
Other physical details ill. ;
Dimensions 24 cm.
500 ## - GENERAL NOTE
General note Includes index.
650 #0 - SUBJECT ADDED ENTRY--TOPICAL TERM
Topical term or geographic name entry element Church work with youth
General subdivision Handbooks, manuals, etc.
9 (RLIN) 6718
700 1# - ADDED ENTRY--PERSONAL NAME
Personal name Benson, Marilyn J.
9 (RLIN) 6719
700 1# - ADDED ENTRY--PERSONAL NAME
Personal name Benson, Dennis C.
9 (RLIN) 6720
906 ## - LOCAL DATA ELEMENT F, LDF (RLIN)
a 7
b cbc
c orignew
d 2
e opcn
f 19
g y-gencatlg
942 ## - ADDED ENTRY ELEMENTS (KOHA)
Source of classification or shelving scheme Dewey Decimal Classification
Koha item type Books
Holdings
Withdrawn status Lost status Source of classification or shelving scheme Damaged status Not for loan Home library Current Library Shelving location Date acquired Total checkouts Full call number Barcode Date last seen Date last checked out Copy number Price effective from Koha item type
    Dewey Decimal Classification     GRACE BIBLE COLLEGE GRACE BIBLE COLLEGE Ministry & Mission 2017-11-23 1 268.433 HAR 007966 2025-05-01 2025-02-28 c.1 2017-11-23 Books
© Grace Bible College Library 2025